[Event "EU-chT (Men)"]
[Site "Haifa"]
[Date "1989.??.??"]
[Round "9"]
[White "Jones, Andrew"]
[Black "Hector, Jonny"]
[Result "0-1"]
[WhiteElo "2240"]
[BlackElo "2500"]
[PlyCount "76"]
[EventDate "1989.11.??"]
[Source "ChessBase"]

1. e4 e5 2. Nf3 Nc6 3. Bc4 Nf6 4. d3 Bc5 5. c3 a6 6. O-O Ba7 7. Nbd2 O-O 8. h3
d5 9. exd5 Nxd5 10. Re1 Nf4 11. Ne4 Ne6 12. Nfg5 Nxg5 13. Bxg5 Qd7 14. d4 exd4
15. Qh5 Qf5 16. Bd3 Qg6 17. Nf6+ gxf6 18. Bxg6 fxg6 19. Qd1 fxg5 20. Qb3+ Kg7
21. cxd4 Bxd4 22. Re2 Bf6 23. Rd2 Nd4 24. Qb4 a5 25. Qc5 Ne6 26. Qc4 Ra6 27.
Rad1 Rc6 28. Qa4 Rc5 29. Rd5 Rxd5 30. Rxd5 Bxb2 31. Qxa5 c5 32. Rd2 Bd4 33. Qb5
Rf7 34. a3 Nf4 35. Kh2 Be6 36. g3 Nxh3 37. Qb6 Bd7 38. Rxd4 Rxf2+ 0-1

[Event "Chartres op"]
[Site "Chartres"]
[Date "1990.??.??"]
[Round "6"]
[White "Hector, Jonny"]
[Black "Spassov, Liuben"]
[Result "0-1"]
[WhiteElo "2465"]
[BlackElo "2400"]
[PlyCount "106"]
[EventDate "1990.??.??"]
[Source "ChessBase"]

1. e4 c5 2. Nf3 e6 3. d4 cxd4 4. Nxd4 a6 5. c4 Qc7 6. Be2 Nf6 7. Nc3 Bb4 8. O-O
Bxc3 9. bxc3 d6 10. Ba3 Nxe4 11. Bf3 Nc5 12. Qd2 Nbd7 13. Qg5 O-O 14. Qe7 Ra7
15. Rad1 b6 16. Nc6 Ne5 17. Qxd6 Nxf3+ 18. gxf3 Qxd6 19. Rxd6 Rc7 20. Rb1 Bb7
21. Rxb6 Na4 22. Ne5 Nxb6 23. Rxb6 f6 24. Bxf8 Kxf8 25. Nd3 Bxf3 26. c5 Kf7 27.
Kf1 Bd5 28. Ke2 Bxa2 29. Ke3 Bc4 30. Nb2 Bf1 31. Kd4 Rd7+ 32. Ke3 Ke7 33. c4
Rc7 34. Rxa6 g5 35. Kd4 Bg2 36. Kc3 Rxc5 37. Ra7+ Kd6 38. Rxh7 Rf5 39. Nd1 Bf1
40. Ra7 Rf3+ 41. Ne3 f5 42. Ra6+ Ke5 43. Ra1 Bh3 44. Kd3 Rxf2 45. c5 f4 46. Nd1
Bf1+ 47. Kc3 Rxh2 48. Nb2 Be2 49. Rc1 Kd5 50. Kb4 Kc6 51. Nc4 Bxc4 52. Kxc4 f3
53. Re1 Re2 0-1

[Event "Chartres op"]
[Site "Chartres"]
[Date "1990.??.??"]
[Round "7"]
[White "Kinsman, Andrew PH"]
[Black "Hector, Jonny"]
[Result "0-1"]
[WhiteElo "2340"]
[BlackElo "2465"]
[PlyCount "46"]
[EventDate "1990.??.??"]
[Source "ChessBase"]

1. d4 d5 2. Nf3 Nf6 3. c4 e6 4. g3 Bb4+ 5. Bd2 Be7 6. Bg2 O-O 7. O-O Nbd7 8.
Qc2 c6 9. Rd1 b5 10. c5 a5 11. a3 Ne4 12. Nc3 f5 13. b4 Bf6 14. Bf4 g5 15. Be5
g4 16. Bxf6 Qxf6 17. Ne1 axb4 18. Nxe4 fxe4 19. e3 bxa3 20. Qe2 b4 21. Nc2 Ba6
22. Qxg4+ Kh8 23. Rd2 Rfb8 0-1

[Event "Geneve op"]
[Site "Geneve"]
[Date "1990.??.??"]
[Round "?"]
[White "Fioramonti, Hung"]
[Black "Hector, Jonny"]
[Result "0-1"]
[WhiteElo "2355"]
[BlackElo "2465"]
[PlyCount "72"]
[EventDate "1990.??.??"]
[Source "ChessBase"]

1. d4 d5 2. c4 e6 3. Nf3 Nf6 4. g3 Bb4+ 5. Nbd2 c5 6. Bg2 Nc6 7. a3 Bxd2+ 8.
Qxd2 Ne4 9. Qc2 Qa5+ 10. Kf1 cxd4 11. cxd5 exd5 12. Qd1 Qb6 13. b3 Nc3 14. Qc2
Bg4 15. Bb2 Rc8 16. h3 Be6 17. Rc1 O-O 18. Kg1 h6 19. Kh2 Ne4 20. Rhf1 Na5 21.
Qd1 Rxc1 22. Bxc1 Nxb3 23. Bb2 Nc3 24. Qd3 Rc8 25. e3 Nc5 26. Qc2 N5a4 27. Bxc3
dxc3 28. Qxa4 c2 29. Nd4 c1=Q 30. Rxc1 Rxc1 31. Nxe6 fxe6 32. Qe8+ Kh7 33. h4
Rc2 34. h5 Rxf2 35. Kh3 Rf6 36. e4 Qc6 0-1

[Event "Oerebro"]
[Site "Oerebro"]
[Date "1990.??.??"]
[Round "5"]
[White "Hector, Jonny"]
[Black "Dreev, Alexey"]
[Result "0-1"]
[WhiteElo "2465"]
[BlackElo "2605"]
[PlyCount "82"]
[EventDate "1990.??.??"]
[Source "ChessBase"]

1. e4 e6 2. d4 d5 3. Nc3 Nf6 4. Bg5 dxe4 5. Nxe4 Be7 6. Bxf6 gxf6 7. Nf3 b6 8.
Bc4 Bb7 9. Qe2 c6 10. O-O-O Qc7 11. Kb1 Nd7 12. Bb3 O-O-O 13. c4 f5 14. Nc3 Bf6
15. Rc1 Kb8 16. Rhd1 c5 17. Nb5 Qf4 18. d5 exd5 19. cxd5 Rhe8 20. Qc2 a6 21.
Na3 b5 22. Qd2 Qxd2 23. Rxd2 c4 24. Bc2 Ne5 25. Rcd1 Nxf3 26. gxf3 Re5 27. Ka1
Bg5 28. Rd4 Rexd5 29. Rxd5 Rxd5 30. Rxd5 Bxd5 31. Bxf5 h5 32. Nc2 Bxf3 33. a4
bxa4 34. Bd7 Bh4 35. Be8 f6 36. Nd4 Bd1 37. f4 Be1 38. Kb1 Bd2 39. Ne6 h4 40.
Bc6 Ka7 41. Bd5 c3 0-1

[Event "Val Maubuee op"]
[Site "Val Maubuee"]
[Date "1990.??.??"]
[Round "?"]
[White "Grosar, Aljosa"]
[Black "Hector, Jonny"]
[Result "0-1"]
[WhiteElo "2345"]
[BlackElo "2465"]
[PlyCount "44"]
[EventDate "1990.??.??"]
[Source "ChessBase"]

1. e4 e5 2. f4 exf4 3. Bc4 Nf6 4. Nc3 c6 5. Bb3 d5 6. exd5 cxd5 7. d4 Bd6 8.
Qf3 O-O 9. Nge2 Bg4 10. Qf2 Bh5 11. Bxf4 Bxf4 12. Qxf4 Re8 13. h3 Bxe2 14. Nxe2
Nc6 15. c3 Qb6 16. Qd2 Qb5 17. Bd1 Ne4 18. a4 Qb6 19. Qd3 Ne5 20. Qb5 Qf6 21.
Rf1 Qg5 22. Rf4 a6 0-1

[Event "Val Maubuee op"]
[Site "Val Maubuee"]
[Date "1990.??.??"]
[Round "?"]
[White "Hector, Jonny"]
[Black "Palac, Mladen"]
[Result "0-1"]
[WhiteElo "2465"]
[BlackElo "2505"]
[PlyCount "60"]
[EventDate "1990.??.??"]
[Source "ChessBase"]

1. e4 c5 2. Nc3 d6 3. f4 a6 4. Nf3 e6 5. g3 b5 6. d4 cxd4 7. Nxd4 Bb7 8. f5 e5
9. Nde2 Nf6 10. Bg5 Nbd7 11. Bg2 Be7 12. a3 Rc8 13. Bf3 O-O 14. g4 d5 15. exd5
e4 16. Bg2 Nxg4 17. Ng3 Bxg5 18. Qxg4 Ne5 19. Qxe4 Nc4 20. O-O Re8 21. Qf3 Nd2
22. Qh5 Nxf1 23. Rxf1 Bf6 24. Nge4 a5 25. Kh1 Rc4 26. Qd1 b4 27. axb4 axb4 28.
Qd3 Ba6 29. Nxf6+ Qxf6 30. Ne4 Rcxe4 0-1

[Event "Val Maubuee op"]
[Site "Val Maubuee"]
[Date "1990.??.??"]
[Round "?"]
[White "Hector, Jonny"]
[Black "Shirov, Alexei"]
[Result "0-1"]
[WhiteElo "2465"]
[BlackElo "2500"]
[PlyCount "120"]
[EventDate "1990.??.??"]
[Source "ChessBase"]

1. e4 c5 2. Nf3 d6 3. d4 cxd4 4. Nxd4 Nf6 5. Nc3 Nc6 6. Bc4 e6 7. Be3 Be7 8.
Qe2 a6 9. O-O-O Qc7 10. Bb3 O-O 11. Rhg1 Nd7 12. g4 Nc5 13. Nf5 b5 14. Nxe7+
Qxe7 15. Qd2 Rd8 16. Bg5 f6 17. Bf4 Ne5 18. g5 Nf3 19. gxf6 Qxf6 20. Qe3 Nxg1
21. Bg5 Qf3 22. Bxd8 Qxe3+ 23. fxe3 Nf3 24. Rxd6 Nxh2 25. Bb6 Nxb3+ 26. axb3
Nf3 27. Ne2 e5 28. Rd8+ Kf7 29. c4 Ng5 30. Nc3 Ne6 31. Rd1 Ng5 32. Rf1+ Kg6 33.
Nd5 Bh3 34. Rg1 Kh5 35. Bc7 Re8 36. c5 Bg4 37. Nb4 Nxe4 38. Rh1+ Kg6 39. Nd3 h5
40. Nxe5+ Kg5 41. c6 Kf5 42. Rf1+ Ke6 43. Ng6 Kd5 44. Rf7 Nc5 45. Bf4 Kxc6 46.
Rxg7 Kd5 47. Kc2 Ke4 48. Ra7 Nd3 49. Kd2 Nxf4 50. Nxf4 Rd8+ 51. Kc3 Kxe3 52.
Ng6 Rd6 53. Rg7 a5 54. Ne5 b4+ 55. Kc4 Be6+ 56. Kb5 Rd5+ 57. Ka4 Rxe5 58. Rg3+
Kd4 59. Rd3+ Kc5 60. Kxa5 Re1 0-1

[Event "Val Maubuee op2"]
[Site "Val Maubuee"]
[Date "1990.??.??"]
[Round "?"]
[White "Lupu, Smaranda  B"]
[Black "Hector, Jonny"]
[Result "0-1"]
[WhiteElo "2160"]
[BlackElo "2465"]
[PlyCount "60"]
[EventDate "1990.??.??"]
[Source "ChessBase"]

1. e4 e5 2. Nf3 Nc6 3. Bb5 Bb4 4. c3 Ba5 5. O-O Nge7 6. d4 exd4 7. cxd4 d5 8.
exd5 Qxd5 9. Qa4 O-O 10. Nc3 Qh5 11. Bg5 f6 12. Bf4 Bg4 13. Ne1 Bb6 14. Nc2
Rad8 15. Be3 Bf5 16. Bxc6 Nxc6 17. d5 Ne5 18. Bxb6 axb6 19. Nd4 Bd3 20. Ne6
Bxf1 21. Rxf1 Ra8 22. Qb3 Rf7 23. Nb5 Rc8 24. h3 Qe2 25. Rc1 Nd3 26. Rc2 Qe1+
27. Kh2 Nc5 28. Nxc5 bxc5 29. Qc4 Rd8 30. Re2 Qb4 0-1

[Event "Haninge"]
[Site "Haninge"]
[Date "1990.??.??"]
[Round "8"]
[White "Hector, Jonny"]
[Black "Karlsson, Lars"]
[Result "0-1"]
[WhiteElo "2465"]
[BlackElo "2520"]
[PlyCount "110"]
[EventDate "1990.05.??"]
[Source "ChessBase"]

1. e4 e6 2. d4 d5 3. Nc3 dxe4 4. Nxe4 Bd7 5. Bd3 Bc6 6. Nf3 Nd7 7. O-O Ngf6 8.
Neg5 Bd6 9. Re1 h6 10. Nh3 Bxf3 11. Qxf3 c6 12. Nf4 O-O 13. Nh5 Re8 14. Bd2 a5
15. Rad1 Bf8 16. Qh3 Nxh5 17. Qxh5 Nf6 18. Qh3 a4 19. c3 Ra5 20. Bc2 a3 21. b4
Rh5 22. Qd3 Bd6 23. f4 b5 24. Qf3 Qb6 25. g4 Rh4 26. h3 h5 27. g5 Nd5 28. Re4
f5 29. gxf6 Qd8 30. f7+ Kxf7 31. f5 e5 32. f6 Rxe4 33. Bxe4 Nxf6 34. Bxc6 Re6
35. Bd5 e4 36. Qf5 Bh2+ 37. Kxh2 Qxd5 38. Qxd5 Nxd5 39. Kg3 Rf6 40. Re1 Rf3+
41. Kg2 Rd3 42. Re2 e3 43. Be1 Rd1 44. Kf3 Rb1 45. h4 Kf6 46. Bg3 Rf1+ 47. Kg2
Rc1 48. Kf3 Rf1+ 49. Kg2 Rc1 50. Kf3 Kf5 51. Be5 Rf1+ 52. Kg2 Rb1 53. Kf3 Rb2
54. Bxg7 Rxe2 55. Kxe2 Ke4 0-1

[Event "Haninge"]
[Site "Haninge"]
[Date "1990.??.??"]
[Round "9"]
[White "Sax, Gyula"]
[Black "Hector, Jonny"]
[Result "0-1"]
[WhiteElo "2605"]
[BlackElo "2465"]
[PlyCount "128"]
[EventDate "1990.05.??"]
[Source "ChessBase"]

1. e4 e5 2. Nf3 Nc6 3. Bb5 Bb4 4. c3 Ba5 5. Na3 Bb6 6. Nc4 d6 7. d4 exd4 8.
cxd4 d5 9. exd5 Qxd5 10. Qa4 a6 11. Nxb6 cxb6 12. Bc4 Qa5+ 13. Qxa5 Nxa5 14.
Ne5 Be6 15. Bxe6 fxe6 16. Bd2 Nc6 17. Nc4 Rd8 18. Nxb6 Rxd4 19. O-O-O Nf6 20.
Bc3 Rd8 21. Rxd8+ Kxd8 22. Re1 Re8 23. Na4 Nd7 24. b3 g6 25. Nb2 Nb6 26. Nd3
Nd5 27. Kb2 b6 28. Re4 Kd7 29. Rh4 Re7 30. Ra4 a5 31. Rc4 Re8 32. Bd2 Rf8 33.
a3 Rf5 34. Rh4 h5 35. Rc4 Ne5 36. Nxe5+ Rxe5 37. Rc2 Re4 38. f3 Rd4 39. Bh6 Rd1
40. Rc1 Rd3 41. Rc2 Ne3 42. Re2 Nf5 43. Bg5 b5 44. Kc2 Rd5 45. Bf6 Kd6 46. f4
Nd4+ 47. Bxd4 Rxd4 48. g3 h4 49. Kc3 Rd1 50. gxh4 Rf1 51. Rd2+ Ke7 52. Kd4
Rxf4+ 53. Kc5 b4 54. axb4 Rxb4 55. Rg2 Kf6 56. Rf2+ Kg7 57. Re2 Rxb3 58. Rxe6
Kh6 59. Re4 Kh5 60. Ra4 Rh3 61. Rxa5 Rxh2 62. Kd4+ Kxh4 63. Ke3 g5 64. Ra1 g4
0-1

[Event "Ostend op"]
[Site "Ostend"]
[Date "1990.??.??"]
[Round "?"]
[White "Schmittdiel, Eckhard"]
[Black "Hector, Jonny"]
[Result "0-1"]
[WhiteElo "2455"]
[BlackElo "2465"]
[PlyCount "116"]
[EventDate "1990.09.??"]
[Source "ChessBase"]

1. e4 e5 2. Nf3 Nc6 3. Bb5 Bb4 4. c3 Ba5 5. O-O Nge7 6. d4 exd4 7. cxd4 d5 8.
e5 O-O 9. Bg5 f6 10. exf6 gxf6 11. Be3 Bg4 12. Nc3 Kh8 13. h3 Bh5 14. Bh6 Rg8
15. Ne5 Qe8 16. Ng4 f5 17. Bf4 Qf8 18. f3 fxg4 19. fxg4 Bf7 20. Qd2 Bb6 21. Ne2
Rg6 22. Kh1 Qg7 23. Rae1 Re6 24. Nc3 Qxd4 25. Rxe6 Bxe6 26. Qe1 Rf8 27. Be5+
Nxe5 28. Rxf8+ Kg7 29. Re8 Bc5 30. Ne2 Qe3 31. Qa5 c6 32. Qc7 N5g6 33. b4 cxb5
34. Qxc5 Qxc5 35. bxc5 Kf7 36. Rb8 Bc8 37. Nd4 a6 38. Nf5 Nxf5 39. gxf5 Ne7 40.
g4 Kf6 41. Kg1 Ke5 42. Kf2 a5 43. Ke1 d4 44. Kd2 b4 45. Ra8 Bd7 46. Rd8 Bc6 47.
Rd6 Bd5 48. Rd7 Nc6 49. f6 Bxa2 50. f7 Bxf7 51. Rxf7 a4 52. Kd3 Kd5 53. Kc2 b3+
54. Kb1 d3 55. Rxb7 Nd4 56. Rd7+ Kc4 57. Rf7 d2 58. Rf1 a3 0-1

[Event "Rilton Cup"]
[Site "Stockholm"]
[Date "1990.??.??"]
[Round "3"]
[White "Lindgren, Mats"]
[Black "Hector, Jonny"]
[Result "0-1"]
[WhiteElo "2250"]
[BlackElo "2465"]
[PlyCount "54"]
[EventDate "1990.12.??"]
[Source "ChessBase"]

1. e4 e5 2. Nf3 Nc6 3. d4 exd4 4. c3 Nge7 5. Bc4 d5 6. exd5 Nxd5 7. O-O Be7 8.
Qb3 Be6 9. Nxd4 Nxd4 10. cxd4 O-O 11. Nc3 c6 12. Bxd5 cxd5 13. Qxb7 Bd6 14. Qa6
Rb8 15. Bg5 Bxh2+ 16. Kxh2 Qxg5 17. Qxa7 Rxb2 18. Rad1 Rc2 19. Rd3 Rc8 20. Qa3
Bf5 21. Rf3 Bg4 22. Rg3 Rxf2 23. Rxf2 Qh4+ 24. Kg1 Qxg3 25. Qe7 Be6 26. Ne2 Qe3
27. Nf4 h6 0-1

[Event "Aarhus op"]
[Site "Aarhus"]
[Date "1991.??.??"]
[Round "4"]
[White "Rewitz, Poul"]
[Black "Hector, Jonny"]
[Result "0-1"]
[WhiteElo "2205"]
[BlackElo "2465"]
[PlyCount "82"]
[EventDate "1991.??.??"]
[Source "ChessBase"]

1. g3 d5 2. Bg2 e5 3. c3 f5 4. d4 e4 5. h4 Be6 6. Nh3 Nd7 7. Bg5 Ngf6 8. e3 h6
9. Bxf6 Nxf6 10. Nf4 Bf7 11. h5 Qd7 12. Nd2 Bd6 13. Bf1 O-O-O 14. b4 Kb8 15. a4
Rdg8 16. Nb3 Bxf4 17. gxf4 Bxh5 18. Rxh5 Nxh5 19. Qxh5 g5 20. Nc5 Qe7 21. a5
Rh7 22. fxg5 hxg5 23. Qe2 Qd6 24. c4 c6 25. b5 cxb5 26. cxd5 a6 27. Qa2 g4 28.
O-O-O Rd8 29. Bg2 Rh2 30. Rg1 Ka7 31. Bxe4 fxe4 32. Rxg4 Rf8 33. Nxe4 Rh1+ 34.
Kc2 Qb4 35. Rg7 Re1 36. Kd3 Rd1+ 37. Kc2 Qe1 38. Qa3 Qe2+ 39. Kb3 Qd3+ 40. Nc3
Rb1+ 41. Ka2 Qc2+ 0-1

[Event "Bellinge"]
[Site "Bellinge"]
[Date "1991.??.??"]
[Round "3"]
[White "Burgess, Graham"]
[Black "Hector, Jonny"]
[Result "0-1"]
[WhiteElo "2300"]
[BlackElo "2465"]
[PlyCount "96"]
[EventDate "1991.??.??"]
[Source "ChessBase"]

1. d4 d5 2. c4 e6 3. Nf3 Nf6 4. Nc3 Bb4 5. Bg5 Nbd7 6. e3 c5 7. cxd5 exd5 8.
Bd3 Qa5 9. Qc2 c4 10. Bf5 O-O 11. O-O Re8 12. Nd2 g6 13. Bh3 Bxc3 14. bxc3 Ne4
15. Nxe4 dxe4 16. Bh6 Nb6 17. Bxc8 Raxc8 18. f3 f5 19. Rab1 Re7 20. fxe4 Rxe4
21. h3 Rce8 22. g4 Qd5 23. Qf2 R4e7 24. gxf5 Rf7 25. Qh4 gxf5 26. Kh2 Re6 27.
Rg1+ Rg6 28. Rb5 Qd7 29. Qh5 Rxg1 30. Kxg1 Rf6 31. Rb2 Rg6+ 32. Kh2 Nd5 33. Rf2
Qd6+ 34. Bf4 Qe6 35. Qh4 Qe7 36. Qh5 Qe4 37. Qh4 Nf6 38. Bg5 Nd5 39. Qh5 Nxe3
40. Re2 Nf1+ 41. Kg1 Ng3 42. Rxe4 Nxh5 43. Re8+ Kf7 44. Re7+ Kf8 45. Rxb7 Rxg5+
46. Kf2 Rg7 47. Rb8+ Ke7 48. Rc8 Nf4 0-1

[Event "Politiken Cup"]
[Site "Copenhagen"]
[Date "1991.??.??"]
[Round "?"]
[White "Aaberg, Anton"]
[Black "Hector, Jonny"]
[Result "0-1"]
[WhiteElo "2235"]
[BlackElo "2465"]
[PlyCount "136"]
[EventDate "1991.??.??"]
[Source "ChessBase"]

1. e4 e5 2. Nf3 Nc6 3. d4 exd4 4. Nxd4 Qh4 5. Be3 Nf6 6. Be2 Nxe4 7. Nd2 Nxd4
8. Bxd4 d5 9. Nf3 Qd8 10. O-O c5 11. Be5 f6 12. Bf4 Be7 13. c4 d4 14. Bd3 Nd6
15. Qc2 g6 16. Rfe1 Kf7 17. b4 b6 18. bxc5 bxc5 19. Rab1 Re8 20. Nd2 f5 21. Qd1
Bf6 22. Rxe8 Nxe8 23. Qf3 Be6 24. Rb7+ Kg8 25. Nb3 Nd6 26. Rc7 Qxc7 27. Qxa8+
Kf7 28. Bxd6 Qxd6 29. Qxa7+ Be7 30. Qa5 Qe5 31. Qd2 g5 32. Qe2 Qxe2 33. Bxe2
Bd7 34. Bf3 Ke6 35. Kf1 g4 36. Bd5+ Ke5 37. Ke2 f4 38. Nc1 Kd6 39. Nd3 Bg5 40.
f3 h5 41. Bf7 h4 42. Bd5 h3 43. gxh3 gxh3 44. Nf2 Kc7 45. Nd3 Kb6 46. Ne5 Bc8
47. Bc6 Bf6 48. Nd7+ Kxc6 49. Nxf6 Be6 50. Kd3 Bf5+ 51. Ne4 Kb6 52. Ke2 Be6 53.
Kd3 Bf7 54. a3 Bg6 55. Ke2 Bf5 56. Nf6 Ka5 57. Ne4 Bxe4 58. fxe4 Ka4 59. e5 Kb3
60. e6 f3+ 61. Kxf3 d3 62. e7 d2 63. e8=Q d1=Q+ 64. Kg3 Qd3+ 65. Kg4 Qxc4+ 66.
Kxh3 Qd3+ 67. Kg4 c4 68. Qb5+ Ka2 0-1

[Event "Politiken Cup"]
[Site "Copenhagen"]
[Date "1991.??.??"]
[Round "?"]
[White "Christensen, Tobias"]
[Black "Hector, Jonny"]
[Result "0-1"]
[WhiteElo "2300"]
[BlackElo "2465"]
[PlyCount "58"]
[EventDate "1991.??.??"]
[Source "ChessBase"]

1. e4 e5 2. Nc3 Nf6 3. Nf3 Nc6 4. d4 exd4 5. Nxd4 Bb4 6. Nxc6 bxc6 7. Bd3 d5 8.
exd5 Qe7+ 9. Qe2 cxd5 10. Qxe7+ Kxe7 11. Bd2 Rd8 12. O-O-O Kf8 13. a3 Be7 14.
Nb5 c5 15. Ba5 Rd7 16. c4 d4 17. a4 a6 18. Na3 Rb7 19. Rhe1 Rab8 20. Re2 Bd7
21. Rde1 Bd6 22. g3 Bxa4 23. f4 Bd7 24. Rf2 h5 25. Rfe2 Rb3 26. Bb1 h4 27. Ba2
Rf3 28. Rg2 hxg3 29. hxg3 Rxg3 0-1

[Event "Copenhagen op"]
[Site "Copenhagen"]
[Date "1991.??.??"]
[Round "1"]
[White "Volodin, Viktor"]
[Black "Hector, Jonny"]
[Result "0-1"]
[WhiteElo "2225"]
[BlackElo "2465"]
[PlyCount "96"]
[EventDate "1991.06.??"]
[Source "ChessBase"]

1. Nf3 d5 2. d4 Nf6 3. c4 e6 4. g3 Bb4+ 5. Bd2 Be7 6. Bg2 O-O 7. O-O Nbd7 8.
Qc2 c6 9. b3 Ne4 10. Nc3 f5 11. Na4 Bf6 12. Nb2 g5 13. Nd3 dxc4 14. Qxc4 Nxd2
15. Nxd2 Nb6 16. Qc2 Bxd4 17. Rae1 Bg7 18. e4 f4 19. e5 Nd5 20. Be4 Qe7 21.
Bxh7+ Kxh7 22. Nxf4+ Kg8 23. Ng6 Qf7 24. Nxf8 Bxf8 25. Ne4 Qf5 26. Qb2 b6 27.
Qc1 Ba6 28. Qxg5+ Qxg5 29. Nxg5 Bxf1 30. Kxf1 Re8 31. Re4 Bh6 32. h4 Bxg5 33.
hxg5 Kg7 34. f4 Kg6 35. Kg2 Rh8 36. Re1 Kf5 37. Rc1 c5 38. Kf3 Rh2 39. g4+ Kg6
40. Kg3 Rd2 41. Rf1 Rd4 42. Rf3 b5 43. f5+ Kxg5 44. f6 Rxg4+ 45. Kf2 Nf4 46. f7
Ng6 47. Ke3 Nf8 48. Rf6 Rg1 0-1

[Event "Copenhagen op"]
[Site "Copenhagen"]
[Date "1991.??.??"]
[Round "4"]
[White "Hector, Jonny"]
[Black "Tischbierek, Raj"]
[Result "0-1"]
[WhiteElo "2465"]
[BlackElo "2500"]
[PlyCount "100"]
[EventDate "1991.06.??"]
[Source "ChessBase"]

1. e4 c5 2. Nf3 d6 3. d4 cxd4 4. Nxd4 Nf6 5. Nc3 Nc6 6. Bc4 Bd7 7. Be3 Ng4 8.
Nf5 Nxe3 9. Nxe3 e6 10. Bb3 Na5 11. Qd4 Qg5 12. O-O Be7 13. Rad1 Qe5 14. Qd2
O-O 15. Kh1 Qc5 16. Ba4 Bxa4 17. Nxa4 Qc7 18. b3 b5 19. Nc3 Qb7 20. Ne2 Nc6 21.
c4 a6 22. f4 Rfe8 23. Ng3 Rad8 24. Ng4 bxc4 25. bxc4 Rb8 26. e5 Red8 27. Qe2
dxe5 28. fxe5 Rxd1 29. Qxd1 Qc7 30. Qf3 Rf8 31. Nh5 Bg5 32. Qe4 Kh8 33. g3 Ne7
34. h4 Bd2 35. Rf2 Bb4 36. Nxg7 Kxg7 37. Qf4 Nf5 38. Qg5+ Kh8 39. Rxf5 Qc6+ 40.
Kh2 exf5 41. Nf6 Rd8 42. Nd5 Ba5 43. h5 h6 44. Qxf5 Qe6 45. Qe4 f5 46. Qe3 Kg7
47. Nf4 Qxc4 48. e6 Rd2+ 49. Ng2 Qc6 50. Qe5+ Kg8 0-1

[Event "Valby K41"]
[Site "Valby"]
[Date "1991.??.??"]
[Round "3"]
[White "Smagin, Sergey"]
[Black "Hector, Jonny"]
[Result "0-1"]
[WhiteElo "2535"]
[BlackElo "2500"]
[PlyCount "116"]
[EventDate "1991.09.??"]
[Source "ChessBase"]

1. e4 e5 2. Nf3 Nc6 3. d4 exd4 4. Nxd4 Qf6 5. Nxc6 dxc6 6. Bc4 Bd6 7. Nc3 Ne7
8. f4 Be6 9. Bxe6 Qxe6 10. O-O f5 11. Qd4 fxe4 12. Qxe4 Qf7 13. Qf3 O-O 14. Ne4
Nf5 15. Bd2 Rae8 16. Nxd6 cxd6 17. Qd3 Re6 18. b3 Rfe8 19. Rae1 a6 20. Rxe6
Rxe6 21. Re1 Rxe1+ 22. Bxe1 Qe6 23. Bd2 d5 24. g4 Nd6 25. f5 Qe5 26. Bc3 Qf4
27. Qg3 Qxg3+ 28. hxg3 g6 29. Be5 Nf7 30. Bf4 Kg7 31. Kf2 Kf6 32. fxg6 hxg6 33.
Ke3 Ne5 34. Kd4 Nd7 35. c4 dxc4 36. Kxc4 Ke6 37. a4 b6 38. Bc7 c5 39. b4 cxb4
40. Kxb4 Kd5 41. Bd8 Kc6 42. Be7 Ne5 43. g5 Kd5 44. Kc3 Nc6 45. Bf6 b5 46. axb5
axb5 47. Kd3 Kc5 48. Bg7 b4 49. Ke4 Kc4 50. Bh8 Nd8 51. Bb2 Ne6 52. Ke5 Kb3 53.
Kxe6 Kxb2 54. Kf6 Kc3 55. Kxg6 b3 56. Kh6 b2 57. g6 b1=Q 58. g7 Qa2 0-1

[Event "Valby K41"]
[Site "Valby"]
[Date "1991.??.??"]
[Round "5"]
[White "Hector, Jonny"]
[Black "Cramling, Pia"]
[Result "0-1"]
[WhiteElo "2500"]
[BlackElo "2485"]
[PlyCount "64"]
[EventDate "1991.09.??"]
[Source "ChessBase"]

1. e4 c5 2. Nf3 e6 3. d4 cxd4 4. Nxd4 Nc6 5. Nc3 Qc7 6. f4 Nxd4 7. Qxd4 a6 8.
Be3 b5 9. Be2 Bb7 10. O-O-O Rc8 11. Rd2 Nf6 12. Bf3 Be7 13. Rhd1 O-O 14. e5 b4
15. exf6 bxc3 16. Qxc3 Qxc3 17. fxe7 Qxe3 18. exf8=Q+ Kxf8 19. Bxb7 Rb8 20. Bf3
Qxf4 21. Kb1 d5 22. Rd4 Qxh2 23. c4 dxc4 24. Rxc4 g5 25. Rd7 Rb5 26. a4 Rf5 27.
Bg4 Rf2 28. Bf3 Qe5 29. Rb7 h5 30. Bxh5 Qf5+ 31. Ka2 Qd5 32. Rbc7 Qxg2 0-1

[Event "Stavanger op"]
[Site "Stavanger"]
[Date "1991.??.??"]
[Round "5"]
[White "Aarland, Stein Arild"]
[Black "Hector, Jonny"]
[Result "0-1"]
[WhiteElo "2215"]
[BlackElo "2500"]
[PlyCount "138"]
[EventDate "1991.12.??"]
[Source "ChessBase"]

1. d4 d5 2. Nf3 Nf6 3. c4 e6 4. Nc3 Bb4 5. cxd5 exd5 6. Bg5 Nbd7 7. e3 c5 8.
Qc2 Qa5 9. Bd3 c4 10. Bf5 O-O 11. O-O Re8 12. Nd2 g6 13. Bh3 Bxc3 14. bxc3 Ne4
15. Nxe4 dxe4 16. Bxd7 Bxd7 17. Bf4 Qd5 18. Rae1 Re6 19. f3 f6 20. Bg3 Rf8 21.
fxe4 Rxe4 22. Rf4 Bf5 23. Qa4 a5 24. Rxe4 Bxe4 25. Re2 Bf5 26. Qa3 Bd3 27. Rb2
Re8 28. Qd6 Qxd6 29. Bxd6 Rxe3 30. Kf2 Re6 31. Bc7 Be4 32. Bxa5 Ra6 33. Bb4 Kf7
34. a3 f5 35. Bc5 Ra8 36. Rb4 Bd5 37. Rb2 Re8 38. Bd6 Re6 39. Bb4 g5 40. Bc5
Re8 41. Rb6 Bc6 42. Rb4 b5 43. Rb2 f4 44. d5 Bxd5 45. Rxb5 Ke6 46. Rb2 Ra8 47.
Re2+ Kf5 48. Bd6 Be4 49. g4+ fxg3+ 50. Kxg3 Rd8 51. Bb4 h5 52. a4 h4+ 53. Kf2
g4 54. Be7 Rd3 55. Bxh4 Rxc3 56. Ke1 Ra3 57. Rf2+ Bf3 58. Kd2 Ke4 59. Kc2 Ke3
60. Kb2 Rxa4 61. Rc2 Be2 62. Bg5+ Kf3 63. Be7 Bd3 64. Rc1 Ra6 65. Rd1 Re6 66.
Bb4 Re3 67. Bd6 c3+ 68. Kc1 c2 69. Rg1 Kf2 0-1

[Event "Espergarde PC"]
[Site "Espergarde"]
[Date "1992.??.??"]
[Round "6"]
[White "Fries Nielsen, Niels Jorgen"]
[Black "Hector, Jonny"]
[Result "0-1"]
[WhiteElo "2390"]
[BlackElo "2535"]
[PlyCount "100"]
[EventDate "1992.??.??"]
[Source "ChessBase"]

1. e4 e5 2. Nf3 Nc6 3. d4 exd4 4. Nxd4 Qf6 5. Nxc6 Bc5 6. Qe2 bxc6 7. Nd2 Ne7
8. Qf3 Qxf3 9. Nxf3 d6 10. Bd3 Bg4 11. h3 Bxf3 12. gxf3 f5 13. Bg5 fxe4 14.
fxe4 Ng6 15. f4 Be3 16. Rf1 h6 17. f5 hxg5 18. fxg6 Bf4 19. Rf3 Rb8 20. b3 Ke7
21. Ke2 Kf6 22. Rg1 Rh6 23. Rg4 Rbh8 24. Rfxf4+ gxf4 25. Rxf4+ Ke6 26. e5 Rxh3
27. Rf7 Rh2+ 28. Kd1 Kxe5 29. Kc1 Kd4 30. Kb2 R8h3 31. Ka3 Kc5 32. Rxc7 Kb6 33.
Rxg7 Rg3 34. Rg8 Rhg2 35. Rb8+ Kc7 36. Rb4 Rg4 37. Be4 Re2 38. Bf3 Rxb4 39.
Bxe2 Rb8 40. Bc4 d5 41. Bd3 Kd6 42. Kb2 c5 43. Kc3 Rb4 44. Bf5 Rf4 45. Bd3 Ke5
46. Bb5 Rf8 47. Kb2 Rg8 48. Bd3 Kd4 49. Bf5 Re8 50. Bd7 Re7 0-1

[Event "Iraklion op"]
[Site "Iraklion"]
[Date "1992.??.??"]
[Round "2"]
[White "Makropoulou, Marina"]
[Black "Hector, Jonny"]
[Result "0-1"]
[WhiteElo "2305"]
[BlackElo "2535"]
[PlyCount "70"]
[EventDate "1992.??.??"]
[Source "ChessBase"]

1. e4 e5 2. Nc3 Nf6 3. Nf3 Nc6 4. d4 Bb4 5. Nxe5 O-O 6. Bd3 Nxd4 7. O-O d6 8.
Nc4 b5 9. Ne3 c6 10. a4 bxa4 11. Nxa4 Ba5 12. c3 Ne6 13. f4 Bc7 14. Nf5 Re8 15.
Qf3 Nf8 16. Be3 Bxf5 17. exf5 N8d7 18. Bf2 d5 19. Rfe1 Bd6 20. b4 Rxe1+ 21.
Rxe1 Qb8 22. Be3 a5 23. bxa5 Rxa5 24. Rb1 Qe8 25. Bc2 Ne4 26. c4 Qa8 27. Qd1
Rxa4 28. Bxe4 Rxc4 29. Bd3 Qe8 30. Bf2 Rxf4 31. g3 Rb4 32. Rxb4 Bxb4 33. Qa4
Bc5 34. Kg2 Bxf2 35. Qxc6 Be3 0-1

[Event "Oviedo rapid45"]
[Site "Oviedo"]
[Date "1992.??.??"]
[Round "1"]
[White "Dominiguez, Jose M"]
[Black "Hector, Jonny"]
[Result "0-1"]
[WhiteElo "2265"]
[BlackElo "2535"]
[PlyCount "50"]
[EventDate "1992.??.??"]
[Source "ChessBase"]

1. e4 e5 2. f4 exf4 3. Nf3 Be7 4. Bc4 Bh4+ 5. Kf1 d5 6. exd5 Be7 7. d4 Bd6 8.
Kf2 Bg4 9. Re1+ Ne7 10. Nc3 O-O 11. Ne4 Ng6 12. Be2 Be7 13. c4 Nd7 14. c5 f5
15. d6 fxe4 16. dxe7 Qxe7 17. Kg1 Kh8 18. Ne5 Ndxe5 19. Bxg4 Nxg4 20. Qxg4 Rad8
21. Qd1 Nh4 22. Bxf4 Rxf4 23. Re3 Qf6 24. Qd2 Rf8 25. Rae1 Rf2 0-1